| 000 | 00629nam a22002053a 4500 | ||
|---|---|---|---|
| 005 | 20230106063525.0 | ||
| 008 | 010913s1998 mx r 000 0 spa d | ||
| 020 | _a9706560572 | ||
| 035 | _aUPN01000111463 | ||
| 049 | _aI | ||
| 050 | 4 |
_aQ163 _bS4.28 |
|
| 100 | 1 |
_aSetford, Steve _937003 |
|
| 245 | 1 | 3 |
_aLa ciencia / _cpor Steve Setford ; tr. Alejandro Estallo. |
| 260 |
_aMéxico : _bAutrey : _bCNCA, Dirección General de Publicaciones, _c1998. |
||
| 300 |
_a160 p. : _bil. col. |
||
| 440 | 0 |
_aMiniguía ; _v9 |
|
| 500 | _a"Un minilibro de información" | ||
| 650 | 2 |
_aCiencia _vLiteratura infantil _911354 |
|
| 905 | _aInfantil | ||
| 999 |
_c85371 _d85371 |
||